Pokémon Found in Mirage Spots - Statistics

General Stats
  • This quiz has been taken 18 times
  • The average score is 52 of 77
Answer Stats
Mirage Spot Type Pokémon % Correct
Pathless Plain Steel/Fighting Cobalion
100%
Dimensional Rift Dragon/Steel Dialga
100%
Trackless Forest Fire Entei
100%
Mirage Mountain Normal/Psychic Girafarig
100%
Dimensional Rift Dragon/Ghost Giratina
100%
Gnarled Den Dragon/Ice Kyurem
100%
Mirage Island Bug/Fire Larvesta
100%
Mirage Forest Bug/Fire Larvesta
100%
Dimensional Rift Dragon/Water Palkia
100%
Trackless Forest Electric Raikou
100%
Fabled Cave Dragon/Fire Reshiram
100%
Trackless Forest Water Suicune
100%
Pathless Plain Rock/Fighting Terrakion
100%
Pathless Plain Grass/Fighting Virizion
100%
Fabled Cave Dragon/Electric Zekrom
100%
Nameless Cavern Psychic Azelf
93%
Mirage Forest Bug/Steel Forretress
93%
Mirage Mountain Bug/Steel Forretress
93%
Storm Cloud Ground/Flying Landorus
93%
Nameless Cavern Psychic Mesprit
93%
Storm Cloud Electric/Flying Thundurus
93%
Storm Cloud Flying Tornadus
93%
Nameless Cavern Psychic Uxie
93%
Mirage Island Psychic/Flying Xatu
93%
Mirage Mountain Psychic/Flying Xatu
93%
Crescent Isle Psychic Cresselia
87%
Mirage Mountain Bug/Rock Crustle
87%
Mirage Island Rock/Ground Graveler
87%
Mirage Forest Rock/Ground Graveler
87%
Mirage Cave Rock/Ground Graveler
87%
Mirage Mountain Rock/Ground Graveler
87%
Mirage Cave Water/Psychic Slowpoke
87%
Mirage Mountain Dark/Flying Vullaby
87%
Mirage Cave Ground/Steel Excadrill
80%
Mirage Mountain Normal/Flying Rufflet
80%
Mirage Cave Steel Klink
73%
Mirage Cave Rock/Ground Onix
73%
Mirage Island Rock/Water Binacle
67%
Mirage Cave Rock Boldore
67%
Mirage Island Grass Tangela
67%
Mirage Forest Grass Tangela
67%
Mirage Mountain Grass Tangela
67%
Mirage Island Electric Zebstrika
67%
Mirage Mountain Electric Zebstrika
67%
Mirage Cave Ghost Cofagrigus
60%
Mirage Island Fire Darmanitan
60%
Mirage Mountain Fire Darmanitan
60%
Mirage Mountain Normal Stantler
60%
Mirage Island Bug/Poison Venomoth
60%
Mirage Island Normal Audino
53%
Mirage Forest Normal Audino
53%
Mirage Mountain Normal Audino
53%
Mirage Mountain Electric Elekid
53%
Mirage Mountain Fire Magby
53%
Mirage Cave Electric Tynamo
53%
Mirage Forest Grass Cherrim
47%
Mirage Island Psychic Munna
47%
Mirage Mountain Psychic Munna
47%
Mirage Forest Fire Vulpix
47%
Mirage Island Grass Maractus
40%
Mirage Island Normal Ditto
33%
Mirage Cave Normal Ditto
33%
Mirage Mountain Ground Donphan
33%
Mirage Forest Normal Glameow
33%
Mirage Forest Normal Minccino
33%
Mirage Forest Grass Petilil
33%
Mirage Island Normal Porygon
33%
Mirage Mountain Normal Porygon
33%
Mirage Island Normal Purugly
33%
Mirage Forest Normal Purugly
33%
Mirage Forest Grass Sunkern
33%
Mirage Cave Psychic Unown
33%
Mirage Forest Normal Happiny
27%
Mirage Mountain Normal Happiny
27%
Mirage Island Normal Persian
20%
Mirage Forest Bug Kricketune
13%
Mirage Mountain Bug Kricketune
13%
No matching quizzes found
Score Distribution
Percent of People with Each Score
Percentile by Number Answered
Your Score History
You have not taken this quiz